000 00242nam a2200097Ia 4500
082 _aBIE
245 0 _aSAAM MET DIE SUIDEWIND
100 _a BIERMAN, Ettie 1974
_997999
942 _cBK
008 210817s9999 xx 000 0 und d
999 _c415339
_d415338